[Event "LN Tolstoy Memorial 2021"]
[Site "Yasnaya Polyana"]
[Date "2021.09.11"]
[Round "3.5"]
[White "Tomashevsky, Evgeny"]
[Black "Paravyan, David"]
[Result "1/2-1/2"]
[WhiteElo "2708"]
[BlackElo "2660"]
[Annotator "TA"]
[PlyCount "136"]
[EventDate "2021.09.11"]
[EventType "tourn"]
[EventCountry "RUS"]
[SourceTitle "playchess.com"]
[Source "ChessBase"]
[SourceQuality "1"]

{[%evp 10,136,30,8,35,32,32,28,32,-2,29,14,67,44,52,37,53,-10,22,18,55,0,0,0,0,
0,0,-72,-46,-111,-20,-250,-246,-274,-188,-285,-260,-262,-247,-282,-273,-277,
-281,-270,-279,-272,-249,-331,-269,-273,-248,-504,-501,-470,-375,-340,-97,-229,
-226,-202,-138,-181,-6,-9,-16,-11,0,0,0,-16,-8,-8,-10,-52,-1,-15,-28,-29,0,-37,
-39,-87,-77,-73,-75,-77,-83,-169,-154,-150,-156,-222,-201,-87,-60,-69,-69,-69,
-69,-69,-42,-69,-69,-69,0,-69,-69,-69,-69,-69,-69,-70,0,0,0,0,0,0,0,0,0,0,0,0,
0,0,0,0,0]} 1. Nf3 f5 2. g3 g6 3. Bg2 Bg7 4. d4 Nf6 5. O-O O-O 6. b4 Nc6 {
A81: Dutch Defence: 2 g3.} 7. c3 Ne4 8. Nbd2 d5 {White has an edge.} 9. Bb2 Be6
{[#]} 10. e3 $146 ({Predecessor:} 10. Nb3 Qe8 11. Nfd2 Bf7 12. f4 a5 13. a3 a4
14. Nc1 {1/2-1/2 (14) Sakaev,K (2633)-Werle,J (2556) Dresden 2007}) 10... Kh8 (
10... Bf7 $11) 11. Rc1 a6 12. a4 {[%cal Ba2a4,Ba4b5][%mdl 32]} Qe8 13. Nxe4 (
13. Ne1 $14) 13... fxe4 14. Nd2 Bg8 15. b5 (15. c4 $14) 15... axb5 $11 16. axb5
Na5 17. Qe2 Be6 18. Rfe1 (18. f3 $11 {keeps the balance.}) 18... Bd7 $1 $17 19.
Bf1 ({White should play} 19. b6 $15) 19... Qf7 (19... h5 $1 $17 20. h3 Qf7) 20.
Ra1 $2 {[#]} (20. Red1 $11) 20... Bxb5 $1 $19 {[%mdl 576] Deflection} 21. Qxb5
(21. c4 Nxc4) 21... Qxf2+ {[%mdl 64] Double Attack} 22. Kh1 Qxd2 23. Re2 Qd3
24. Qxd3 exd3 25. Rg2 {[#]} Rxf1+ 26. Rxf1 Nc4 27. Bc1 Ra1 {Strongly
threatening ...d2!} 28. Kg1 e5 29. dxe5 Bxe5 30. Bd2 $2 (30. Rgf2) 30... Ra2
31. Rd1 Kg8 32. Rf2 {Now Be1 and White clings on.} c5 $2 (32... Ra3 $19 {
is more deadly.} 33. Bc1 Rxc3) 33. Be1 (33. Bc1 $17 {only move.} Rxf2 34. Kxf2)
33... Rxf2 $1 ({But not} 33... Nxe3 $2 34. Rxd3 Rxf2 35. Bxf2 $18) 34. Kxf2 {
[%mdl 4096] Endgame [#] KRB-KBN} Nb2 {[%cal Rb2d1]} 35. Ra1 b5 $2 (35... c4 $19
{Threatens to win with ...b5.} 36. Kf3 b5 37. Ra8+ Kf7 38. Ra7+ Ke6 39. Ra6+
Kf7 40. Ra7+ Kf6 41. Ra6+ Kg7 42. Ra7+ Kg8 43. Ra8+ Kf7 44. Ra7+) 36. Rb1 $11
Nc4 {aiming for ...d2.} 37. Rd1 Nb2 38. Rb1 Nc4 {Hoping for ...d2.} 39. Rd1 Kf7
{White must now prevent ...Ke6.} 40. Rxd3 Ke6 41. e4 d4 ({Black should try} 
41... dxe4 $15 42. Rd8 Bd6) 42. cxd4 Bxd4+ 43. Ke2 Ke5 44. Rb3 Nd6 45. Bd2 {
Bf4+ is the strong threat.} Kxe4 46. Bf4 {[#]} c4 $1 47. Rb1 Be5 48. Bd2 (48.
Bxe5 $17 {was worth a try.} Kxe5 49. Kd2) 48... Nf5 $19 49. Kd1 {[#]} c3 $1 50.
Rxb5 (50. Be1 $17 {was called for.}) 50... cxd2 51. Kxd2 Bg7 52. Ke1 Kf3 53.
Kf1 Bd4 {And now ...Bf2 would win.} 54. Rb3+ Be3 55. Rb8 Bc5 56. Rb3+ Be3 57.
Rb8 Bf2 {[%cal Rf5e3]} 58. Rf8 Bd4 $1 59. Rf7 h5 60. Rf8 Bf2 (60... Bg7 $15 61.
Re8 Ne3+ 62. Kg1 Ng4) 61. Rf6 $11 {The position is equal.} Bd4 62. Rxg6 Ne3+
63. Kg1 Ng4+ (63... h4 {is interesting.} 64. gxh4 Nf5+ 65. Kf1 Nxh4) 64. Kh1
Nf2+ 65. Kg1 Nd1+ 66. Kh1 Nf2+ 67. Kg1 Ne4+ 68. Kh1 $1 Nf2+ {Weighted Error
Value: White=0.33/Black=0.30} 1/2-1/2

[Event "LN Tolstoy Memorial 2021"]
[Site "Yasnaya Polyana"]
[Date "2021.09.11"]
[Round "4.1"]
[White "Matlakov, Maxim"]
[Black "Paravyan, David"]
[Result "1-0"]
[WhiteElo "2683"]
[BlackElo "2660"]
[Annotator "TA"]
[PlyCount "63"]
[EventDate "2021.09.11"]
[EventType "tourn"]
[EventCountry "RUS"]
[SourceTitle "playchess.com"]
[Source "ChessBase"]
[SourceQuality "1"]

{[%evp 9,63,16,30,22,36,40,40,35,29,25,58,50,52,47,83,86,123,123,144,134,142,
106,120,118,117,101,191,193,182,186,196,196,230,227,229,199,417,423,386,373,
632,584,794,609,742,737,1829,1685,2570,2183,29973,4954,29970,2325,29971,29973]
} 1. d4 f5 2. Bf4 Nf6 3. e3 e6 4. Nf3 b6 5. Be2 Bb7 6. O-O {A80: Dutch Defence:
Unusual White second moves.} Be7 7. c4 $1 {7.c4 scores better than 7.h3.} O-O
8. Nc3 {White is slightly better.} Ne4 9. Nxe4 fxe4 10. Nd2 c5 11. dxc5 {[#]}
bxc5 $146 ({Predecessor:} 11... Bxc5 12. Qc2 d5 13. Rad1 Qf6 14. a3 a5 15. h3
Nc6 16. cxd5 exd5 17. Nb3 Bd6 18. Bxd6 Qxd6 19. Rxd5 Qe7 20. Rfd1 Rac8 21. Rd7
{1-0 (21) Filippova,M (1931)-Goh,J (1743) Chess.com INT 2020}) 12. Qc2 Nc6 13.
Nxe4 ({But not} 13. Qxe4 Nd4 $14) 13... Nd4 14. exd4 Rxf4 15. d5 exd5 16. cxd5
d6 17. Bc4 Bf6 (17... Bg5 $16 {was worth a try.}) 18. g3 $18 Rg4 19. Nxf6+ Qxf6
20. Rae1 Rf8 {[#]} 21. Re6 $1 {[%cal Re6f6]} Qd4 22. b3 Rg5 $2 (22... Rg6 {
was called for.} 23. Rfe1 (23. Rxg6 hxg6 24. Qxg6 Bxd5 $18) 23... Rgf6 24. Rxf6
Qxf6) 23. Rxd6 Bc8 24. Rd1 Qh4 {[#]} (24... Qf4) 25. Re6 $1 Qh5 (25... Kh8 26.
Rde1) 26. Rde1 Kh8 27. Qe2 Qf7 28. Re8 Rf5 29. d6 Qf6 30. Rxf8+ Qxf8 31. Qe7 (
31. Qe8 $142 Rf6 32. d7 Bxd7 33. Qxd7 Rb6 34. Re8 Rb8 35. Rxf8+ Rxf8 36. Qxa7)
31... Rxf2 32. d7 {Weighted Error Value: White=0.11/Black=0.73} 1-0

[Event "LN Tolstoy Memorial 2021"]
[Site "Yasnaya Polyana"]
[Date "2021.09.11"]
[Round "4.2"]
[White "Korobov, Anton"]
[Black "Tomashevsky, Evgeny"]
[Result "1/2-1/2"]
[WhiteElo "2685"]
[BlackElo "2708"]
[Annotator "TA"]
[PlyCount "47"]
[EventDate "2021.09.11"]
[EventType "tourn"]
[EventCountry "RUS"]
[SourceTitle "playchess.com"]
[Source "ChessBase"]
[SourceQuality "1"]

{[%evp 14,47,21,13,14,14,19,22,20,10,16,10,6,0,22,6,6,20,8,0,18,8,19,6,14,16,
31,-9,13,-12,0,0,0,0,0,0]} 1. d4 Nf6 2. c4 e6 3. Nf3 d5 4. Nc3 Be7 5. Bg5 h6 6.
Bh4 Nbd7 7. e3 O-O 8. Rc1 c5 {The modern move. D63: Queen's Gambit Declined:
Classical: 7 Rc1.} 9. dxc5 dxc4 10. c6 bxc6 11. Bxc4 Nb6 12. Be2 Qxd1+ 13. Bxd1
Bb7 14. O-O Rfd8 15. Be2 c5 16. Rfd1 {[#]} Kf8 $146 ({Predecessor:} 16... Rxd1+
17. Rxd1 Kf8 18. b3 Nfd5 19. Bxe7+ Kxe7 20. Rc1 Rc8 21. Nd2 Nxc3 22. Rxc3 g5
23. Kf1 f5 {1/2-1/2 (31) Shevchenko,K (2539)-Berkes,F (2675) Teplice 2019}) 17.
Ne5 Rxd1+ 18. Rxd1 Nfd5 (18... Rc8 {keeps more tension.} 19. b3 g5 20. Bg3 Nbd5
21. Na4 Ne4) 19. Bxe7+ Kxe7 20. Nxd5+ exd5 {The position is equal.} 21. f4 Rc8
22. Kf2 Rc7 23. h4 Nd7 24. Nxd7 {A rather calm draw.  Weighted Error Value:
White=0.06/Black=0.04} 1/2-1/2

[Event "LN Tolstoy Memorial 2021"]
[Site "Yasnaya Polyana"]
[Date "2021.09.11"]
[Round "4.3"]
[White "Gelfand, Boris"]
[Black "Andreikin, Dmitry"]
[Result "1/2-1/2"]
[WhiteElo "2680"]
[BlackElo "2728"]
[Annotator "TA"]
[PlyCount "80"]
[EventDate "2021.09.11"]
[EventType "tourn"]
[EventCountry "RUS"]
[SourceTitle "playchess.com"]
[Source "ChessBase"]
[SourceQuality "1"]

{[%evp 14,80,17,15,17,12,13,11,14,17,21,16,22,27,36,31,49,56,50,44,69,65,75,64,
73,46,118,114,125,128,101,124,108,113,111,88,130,71,63,26,116,102,156,150,157,
147,124,8,11,10,3,0,16,0,0,0,0,0,0,0,0,0,0,0,0,0,0,0,0]} 1. d4 Nf6 2. c4 e6 3.
Nf3 d5 4. g3 Be7 5. Bg2 O-O 6. O-O dxc4 7. Qc2 c6 8. Qxc4 b5 {E06: Closed
Catalan: Early deviations.} 9. Qd3 Bb7 10. Be3 Nbd7 11. Nbd2 {[%cal Bb1d2,
Bd2e4,Be4c5][%mdl 32]} a5 12. Rac1 Nd5 13. Ne4 {[#]} Qb6 $146 ({Predecessor:} 
13... Nxe3 14. Qxe3 Qc7 15. Qf4 Qxf4 16. gxf4 Rfd8 17. e3 Rac8 18. Ne5 Nb6 19.
Nc5 Bxc5 20. Rxc5 {1/2-1/2 (68) Filip,L (2400)-Vasilev,M (2476) Sunny Beach
2007}) 14. Nc5 Rfd8 15. Nxb7 Qxb7 16. Bg5 N7f6 17. e4 Nb4 18. Qb1 Rac8 19. Rfd1
Qb6 ({Better is} 19... h6 $14) 20. a3 $16 Na6 21. e5 Nd5 22. Bxe7 Nxe7 23. Ng5
g6 24. Qe4 Nf5 {[%cal Rd8d4]} 25. Nf3 (25. Rxc6 $2 Qxc6 26. Qxc6 Rxc6 $19) (25.
g4 $142 Nxd4 26. Qe3) 25... c5 {[%cal Rf5d4]} 26. Bf1 Kg7 {[#]} (26... Nxd4 $11
27. Nxd4 cxd4) 27. Qf4 $1 Nxd4 ({Black should try} 27... Qb7) 28. Nxd4 ({Resist
} 28. Qf6+ $6 Kg8 $14) 28... cxd4 29. Rxc8 Rxc8 30. Qxd4 (30. Rxd4 $16 Qb7 {[#]
} 31. Rd8 $3 {[%mdl 576] Decoy} Rxd8 32. Qf6+ {[%mdl 64] Double Attack} Kh6 33.
Qh4+ (33. Qxd8 Kg7 $16) 33... Kg7 34. Qf6+ (34. Qxd8 a4 $16) 34... Kh6 35. Qxd8
) 30... Qxd4 $11 {The position is equal.} 31. Rxd4 $16 {[%mdl 4096] Endgame
KRB-KRN} Rc5 32. f4 Nc7 33. b4 Rc3 34. bxa5 Rxa3 35. Rd7 Nd5 36. Bxb5 {
Threatens to win with a6.} Rxa5 37. Rb7 Ra1+ 38. Kf2 Ra2+ 39. Kf3 Ra3+ 40. Kf2
Ra2+ {Weighted Error Value: White=0.12/Black=0.15} 1/2-1/2

[Event "LN Tolstoy Memorial 2021"]
[Site "Yasnaya Polyana"]
[Date "2021.09.11"]
[Round "4.4"]
[White "Alekseenko, Kirill"]
[Black "Abdusattorov, Nodirbek"]
[Result "0-1"]
[WhiteElo "2693"]
[BlackElo "2648"]
[Annotator "TA"]
[PlyCount "110"]
[EventDate "2021.09.11"]
[EventType "tourn"]
[EventCountry "RUS"]
[SourceTitle "playchess.com"]
[Source "ChessBase"]
[SourceQuality "1"]

{[%evp 11,110,12,25,28,24,10,26,19,29,26,27,39,34,35,35,31,52,45,56,47,69,76,
51,53,68,0,44,29,39,40,48,44,47,55,51,0,0,-121,-127,-127,-99,-168,0,0,104,111,
160,132,307,295,431,426,424,419,431,429,431,424,423,413,468,467,460,474,470,
439,425,390,367,379,362,350,440,387,395,394,380,235,236,232,422,411,518,525,
550,463,460,454,431,-1417,-527,-543,-546,-477,-475,-467,-438,-637,-579,-763,
-791]} 1. e4 e5 2. Nf3 Nc6 3. Bc4 Bc5 4. c3 Nf6 5. d3 a6 6. O-O Ba7 7. a4 {
outshines the older 7.Bb3. C54: Giuoco Piano: 4 c3 Nf6, main lines with 5 d4
and 5 d3.} d6 8. a5 h6 9. Be3 {White has an edge.} O-O 10. Nbd2 {[%cal Bb1d2,
Bd2f1,Bf1e3][%mdl 32]} Ne7 11. Bxa7 Rxa7 12. Re1 Ng6 13. d4 Qe7 14. Qb3 {[#]}
Nh5 $146 ({Predecessor:} 14... Ra8 15. Nf1 Bg4 16. N3d2 Rab8 17. f3 Be6 18. Ne3
Rfe8 19. Ra4 Bxc4 20. Qxc4 Qd7 {1-0 (37) Eisenbeiser,A (2373)-Hiermann,D (2296)
Austria 2016}) 15. Nf1 Bg4 16. N3d2 Nhf4 17. Ne3 Qg5 18. g3 (18. Nxg4 $14 Qxg4
19. g3) 18... Be6 19. Qd1 exd4 20. cxd4 Nh3+ 21. Kg2 Nh4+ 22. Kf1 Bxc4+ 23.
Ndxc4 ({Better is} 23. Nexc4 $14 f5 24. Qb3) 23... f5 $11 24. gxh4 (24. Qb3 $11
Kh8 25. gxh4 fxe4 26. Nd1 Qg1+ {[%mdl 64] Double Attack} 27. Ke2 Qxh2 28. Rf1)
24... fxe4 $17 {[%csl Gh3][%cal Rf8f2]} 25. Qc2 Qxh4 {[%cal Rf8f2]} 26. Re2
Raa8 $2 ({Black should try} 26... Ng5 $19 27. Nd2 c6) 27. Ng2 $1 $11 {[%cal
Rg2h4]} Qg4 (27... Qh5 $1 $11 {remains equal.}) 28. Ra3 (28. Rxe4 $2 Rxf2+ 29.
Qxf2 Qxe4 $19) 28... Rf3 29. Nce3 ({But not} 29. Rxe4 $2 Rxf2+ 30. Qxf2 Qxe4
$19) 29... Qg6 {[#]} (29... Qh5 $16 {was necessary.}) 30. Nd5 $1 $18 {[%cal
Rd5e7]} (30. Qxc7 Raf8 $16) 30... Qf7 {[#]} (30... Qg4 $142 31. Rxe4 Rxf2+ 32.
Qxf2 Qxe4 33. Nf6+ (33. Rxh3 Qxd5 34. Rf3 Re8 $14) 33... gxf6 34. Rxh3 Re8 35.
Qxf6 Qe2+ 36. Kg1 Qd1+ 37. Kf2 (37. Qf1 Qxd4+ 38. Kh1 Re7 $18) 37... Qe2+ 38.
Kg3 Re6) 31. Ne7+ $1 {[%mdl 512]} Kh8 {[#] White should prevent ...Rxa3.} 32.
Nh4 $1 {aiming for Rxf3.} Rxa3 33. bxa3 {Nhg6+ is the strong threat.} d5 34.
Qxc7 Kh7 35. Qe5 Nf4 36. Rc2 Rf8 {Strongly threatening ...Qe8.} 37. Nef5 {
Hoping for Rc7.} Nd3 38. Qg3 {Black must now prevent Rc7.} Qf6 {intending ...
g5.} 39. Rc7 Rf7 40. Rxf7 Qxf7 41. Ne3 g6 42. f3 Nf4 43. Nhg2 Ne6 44. Nxd5 Nxd4
45. Nge3 h5 $2 (45... Nxf3 {is a better defense.} 46. Kg2 h5) 46. f4 Qe6 47.
Kg2 Nf3 48. f5 gxf5 49. Qc7+ Kh6 50. Nf4 {[%mdl 8192]} (50. Kh1 $18 Qg6 51.
Qf4+ Kh7 52. Qxf5) 50... Qa2+ (50... Qg8+ $142 51. Ng6 Qxg6+ 52. Qg3 f4 53.
Qxg6+ Kxg6) 51. Nc2 $19 {[#]} Qxc2+ $1 {[%mdl 576] Remove Defender, Decoy} 52.
Qxc2 {White wants to mate with Qc3.} Ne1+ {[%mdl 64] Double Attack} 53. Kg3 {
Intending Qc3 and mate.} Nxc2 54. Ne6 (54. Nd5 $142 Nxa3 55. Kf4) 54... Nxa3
55. Nc5 Kg5 {What a bad dream for White.  Weighted Error Value: White=0.35/
Black=0.53} 0-1

[Event "LN Tolstoy Memorial 2021"]
[Site "Yasnaya Polyana"]
[Date "2021.09.11"]
[Round "4.5"]
[White "Giri, Anish"]
[Black "Vitiugov, Nikita"]
[Result "1-0"]
[WhiteElo "2777"]
[BlackElo "2727"]
[Annotator "TA"]
[PlyCount "115"]
[EventDate "2021.09.11"]
[EventType "tourn"]
[EventCountry "RUS"]
[SourceTitle "playchess.com"]
[Source "ChessBase"]
[SourceQuality "1"]

{[%evp 15,115,-12,3,-7,0,0,0,0,3,-23,-24,-28,-17,-50,0,0,0,0,0,0,0,0,-6,-10,0,
-25,-28,-25,-25,-57,-57,-57,-57,-57,0,-32,0,0,0,0,0,0,0,-2,28,27,31,23,30,45,
25,27,91,108,119,110,177,175,217,217,216,211,281,273,313,307,339,317,481,475,
453,454,540,562,537,510,497,593,589,564,1245,1114,968,1506,1319,1397,1337,1320,
1019,1014,12845,12837,2539,5401,12846,12847,12848,12848,12850,27999,27999,
27999]} 1. e4 e6 2. d4 d5 3. e5 c5 4. c3 Nc6 5. Nf3 Qb6 6. a3 c4 7. Nbd2 Na5 8.
Rb1 Bd7 9. h4 {C02: French: Advance Variation.} h6 {[#]} 10. b4 $146 (10. Be2 {
looks sharper.} Ne7 11. g3 O-O-O 12. Kf1 Kb8 13. Kg2) ({Predecessor:} 10. g3
Ne7 11. Bg2 Nb3 12. O-O Ba4 13. Qe2 O-O-O 14. Nxb3 Qxb3 15. Bf4 Nc6 16. Nd2 Qb6
{0-1 (34) Janotta,S (2054)-Hegeler,A (2183) Germany 2011}) 10... cxb3 11. Nxb3
{The position is equal.} Nxb3 (11... Ba4 {seems wilder.} 12. Nfd2 Ne7 13. Rh3
Nxb3 14. Nxb3 Qc7) 12. Qxb3 (12. Nd2 {feels hotter.} Ne7 13. Nxb3 Ba4 14. Bd3
Nc6 15. Bc2) 12... Qxb3 13. Rxb3 b6 14. Bb5 Ne7 15. a4 Nc6 16. h5 Na5 17. Rb1
Rc8 18. Kd2 Be7 19. Kd3 Rc7 (19... Bc6 {is interesting.} 20. g4 Rc7 21. g5 hxg5
22. Nxg5 Kf8) 20. Ng1 O-O 21. Bxd7 Rxd7 22. g4 Rc7 23. Ne2 Rc4 24. Ra1 Rfc8 (
24... Nb3 $15 25. Rb1 Na5) 25. Ra2 Nc6 26. Bd2 f6 27. exf6 Bxf6 {aiming for ...
e5.} 28. f4 Rf8 29. Rh3 Na5 30. g5 Bd8 31. gxh6 gxh6 32. Rg3+ Kh7 33. Rg6 Rf6 (
33... Rf5 $11) 34. f5 $1 $16 {Black is on the road to losing.} exf5 35. Nf4 {
Threatens to win with Ne6.} Rcc6 (35... Rc8 $16) 36. Rxf6 $18 ({Stronger than} 
36. Nxd5 Rxg6 37. hxg6+ Rxg6 $11) 36... Bxf6 37. Nxd5 Bg5 38. Bf4 Re6 39. Rf2
Bh4 40. Rf1 Nc6 41. Be3 Bg5 (41... Kg7 $142 42. Rxf5 Bd8) 42. Bxg5 hxg5 43.
Rxf5 {[%mdl 4096] Endgame KRN-KRN} Kh6 44. Rf6+ Rxf6 45. Nxf6 {KN-KN} Na5 46.
Ke4 Nc4 {If only Black now had time for ...Nb2....} 47. d5 Nb2 48. Kf5 Nxa4 49.
Ne4 b5 50. d6 {[#] Intending d7 and mate.} Nb6 51. Nxg5 ({Weaker is} 51. Nf6 a5
$14) 51... a5 52. Ne4 Kxh5 53. Nc5 b4 {[#]} 54. c4 $1 Kh4 55. Ke6 Kg3 56. d7
Nxd7 57. Kxd7 ({Not} 57. Nxd7 b3 $11) 57... Kf3 58. Kc6 {Weighted Error Value:
White=0.04/Black=0.23} 1-0

[Event "LN Tolstoy Memorial 2021"]
[Site "Yasnaya Polyana"]
[Date "2021.09.11"]
[Round "5.2"]
[White "Abdusattorov, Nodirbek"]
[Black "Giri, Anish"]
[Result "0-1"]
[WhiteElo "2648"]
[BlackElo "2777"]
[Annotator "TA"]
[PlyCount "78"]
[EventDate "2021.09.11"]
[EventType "tourn"]
[EventCountry "RUS"]
[SourceTitle "playchess.com"]
[Source "ChessBase"]
[SourceQuality "1"]

{[%evp 9,78,21,54,46,52,25,17,0,35,-10,-4,-25,0,0,-6,-26,0,-43,-43,-43,-32,-41,
-48,-154,-157,-143,-139,-163,-161,-160,-145,-162,-160,-153,-167,-150,-155,-202,
-208,-210,-196,-196,-205,-209,-206,-189,-196,-244,-249,-251,-264,-268,-235,
-242,-242,-245,-243,-230,-220,-279,-268,-298,-298,-283,-283,-422,-367,-481,
-474,-445,-438]} 1. d4 Nf6 2. c4 g6 3. Nc3 d5 4. cxd5 Nxd5 5. Bd2 c5 6. dxc5 {
D85: Exchange Grünfeld: Unusual White 7th moves and lines with 7 Nf3.} Bg7 7.
Rc1 O-O 8. Nf3 {The position is equal.} Nc6 9. e3 Ndb4 $1 10. a3 Nd3+ 11. Bxd3
Qxd3 12. Qe2 Bf5 {[#]} 13. e4 $146 ({Predecessor:} 13. Qxd3 Bxd3 14. Nd1 a5 15.
b3 Rfd8 16. Bc3 Rd5 17. Bxg7 Kxg7 18. Nb2 Rad8 19. h4 {1/2-1/2 (41) Khasin,
A-Goltsov,L Kaluga 1970}) 13... Qxe2+ 14. Kxe2 Bg4 15. Be3 f5 $1 16. h3 (16.
exf5 $15 gxf5 17. Rce1) 16... Bxf3+ $17 17. gxf3 f4 18. Bd2 Nd4+ 19. Kd3 Rad8 {
[#] aiming for ...Nb3+.} 20. Rcd1 Nxf3+ 21. Kc2 Nd4+ 22. Kb1 Nb3 23. Bc1 Nxc5
24. Rxd8 Rxd8 25. Bxf4 Bxc3 26. bxc3 Nxe4 $19 {[%mdl 4096] Endgame KRB-KRN} 27.
Kc2 Nxf2 28. Re1 Nxh3 29. Bh6 {[#]} Re8 30. Rd1 g5 31. Rd3 Nf4 32. Re3 Kf7 {
...Kg6 is the strong threat.} 33. Bxg5 e5 34. c4 h5 35. Kd2 b6 36. Re1 Re6 37.
Rf1 (37. a4 {was worth a try.}) 37... Rd6+ 38. Ke3 Rd3+ 39. Ke4 Ke6 {Black
took control after the opening.  Weighted Error Value: White=0.22/Black=0.06}
0-1

[Event "LN Tolstoy Memorial 2021"]
[Site "Yasnaya Polyana"]
[Date "2021.09.11"]
[Round "5.3"]
[White "Andreikin, Dmitry"]
[Black "Alekseenko, Kirill"]
[Result "1-0"]
[WhiteElo "2728"]
[BlackElo "2693"]
[Annotator "TA"]
[PlyCount "115"]
[EventDate "2021.09.11"]
[EventType "tourn"]
[EventCountry "RUS"]
[SourceTitle "playchess.com"]
[Source "ChessBase"]
[SourceQuality "1"]

{[%evp 9,115,38,53,41,32,35,27,29,34,18,66,15,58,35,43,37,17,18,48,50,68,3,15,
0,18,13,27,31,21,18,31,0,18,14,45,40,55,45,142,124,161,162,236,244,232,251,238,
239,219,215,223,216,288,282,284,247,325,318,320,310,275,255,262,254,241,254,
285,262,259,258,250,255,381,395,441,440,435,312,430,425,385,376,512,506,497,
472,813,810,690,794,816,814,803,803,822,690,821,822,804,797,778,765,1164,1128,
1144,1129,2625,1904]} 1. d4 d5 2. c4 dxc4 3. e3 e5 4. Bxc4 Nc6 5. Nf3 e4 6.
Nfd2 {D20: Queen's Gambit Accepted: 3 e3 and 3 e4.} Qg5 7. Nxe4 {7.Nxe4 is
better than 7.g3.} Qxg2 {[%mdl 64] [#] Double Attack} 8. Ng3 {White has an
edge.} Qh3 9. Nc3 Bd6 {[#]} 10. Qf3 $146 (10. Qb3 $14) ({Predecessor:} 10. Nce4
Nh6 11. Qh5 Bb4+ 12. Bd2 Qxh5 13. Nxh5 Bg4 14. Be2 Bxe2 15. Kxe2 Bxd2 16. Kxd2
{1/2-1/2 (53) Georgiev,K (2587)-Vocaturo,D (2617) Chess.com INT 2020}) 10...
Nh6 11. Bf1 (11. Qe4+ {is interesting.} Ne7 12. Nb5 Qd7 13. Bd2 O-O 14. Qc2)
11... Qh4 12. Qe4+ Qxe4 13. Ngxe4 Be7 14. Nd5 O-O 15. Bg2 (15. Nxc7 $14 Bf5 16.
Ng3) 15... Bd8 $11 16. Bd2 Nf5 17. Rg1 Nce7 18. Nxe7+ Bxe7 19. d5 a5 20. O-O-O
Nh4 21. Bh1 Ra6 22. Bc3 Ng6 23. Bf3 f5 {Black is now going downhill.} (23... a4
$14) 24. Ng5 Bf6 25. d6 {aiming for d7.} Bxc3 (25... Bxg5 $142 26. d7 (26. Rxg5
Rxd6 27. Rxd6 cxd6 $16) 26... Bxd7) 26. bxc3 $18 {Strongly threatening d7.}
cxd6 27. Bd5+ Kh8 28. Nf7+ Rxf7 29. Bxf7 Ne5 30. Bd5 a4 31. Rd4 g6 32. Rgd1 Ra5
33. f4 Ng4 34. Rc4 Bd7 35. Rc7 ({And not} 35. Bxb7 Nxe3 36. Rxd6 Nxc4 $14)
35... Nxe3 {[#]} 36. Re1 Nxd5 37. Rxd7 {[%cal Re1e8][%mdl 4096] Endgame KRR-KRN
} Ra8 38. Rxb7 ({But not} 38. Rxd6 $6 Nxf4 39. Re7 b5 $18) 38... Rc8 39. Kb2
Nxf4 {White must now prevent ...Nd3+.} 40. Ree7 Nd3+ (40... h6 $142 41. Rh7+
Kg8 42. Rbg7+ (42. Rxh6 Nd3+ 43. Kc2 Ne5 $18) 42... Kf8) 41. Kc2 Ne5 42. Rxh7+
Kg8 43. Rbg7+ Kf8 44. Ra7 {[%cal Rh7h8]} Kg8 45. Rhc7 {[%cal Rc7c8]} Re8 46.
Rxa4 {White is clearly winning.} g5 47. Raa7 f4 (47... g4 $142 48. a4 f4) 48.
Rg7+ {[%mdl 64] Double Attack} Kf8 49. Rh7 {[%cal Rh7h8]} Kg8 50. Rag7+ Kf8 51.
Rxg5 Re6 52. Rf5+ Kg8 53. Rh3 Ng6 54. a4 {[%cal Ba2a4,Ba4a5,Ba5a6][%mdl 32]}
Kg7 55. a5 Re1 56. Rd3 Ne5 57. Rxd6 f3 58. a6 {Weighted Error Value: White=0.
09/Black=0.28} 1-0

[Event "LN Tolstoy Memorial 2021"]
[Site "Yasnaya Polyana"]
[Date "2021.09.11"]
[Round "5.4"]
[White "Tomashevsky, Evgeny"]
[Black "Gelfand, Boris"]
[Result "1/2-1/2"]
[WhiteElo "2708"]
[BlackElo "2680"]
[Annotator "TA"]
[PlyCount "37"]
[EventDate "2021.09.11"]
[EventType "tourn"]
[EventCountry "RUS"]
[SourceTitle "playchess.com"]
[Source "ChessBase"]
[SourceQuality "1"]

{[%evp 16,37,-2,-16,-13,-14,-25,-22,-16,-53,-18,-20,-12,-36,-14,-14,-14,-14,
-24,-19,-13,-13,-18,-8]} 1. Nf3 c5 2. e3 Nf6 3. c4 g6 4. b3 Bg7 5. Bb2 O-O 6.
Be2 Nc6 7. O-O d5 8. cxd5 Qxd5 $1 {The main line 8...Qxd5 scores better than 8.
..Nxd5.} 9. Nc3 Qf5 {A30: Symmetrical English: Double Fianchetto and Hedgehog.}
10. Nh4 Qd7 {[#]} 11. Nf3 $146 ({Predecessor:} 11. Na4 b6 12. a3 Bb7 13. Rc1
Rad8 14. Bc3 Qe6 15. f4 Ne4 16. f5 Qd6 17. Bxg7 Kxg7 {0-1 (38) Gamboa Gonzalez,
A (2096)-Blechzin,I (2411) Opatija 2013}) 11... b6 12. Bb5 {[#] Strongly
threatening Ne5!} Qd6 13. d4 cxd4 14. Ne2 Bb7 {With the idea ...dxe3.} 15.
Nexd4 Nxd4 16. Qxd4 Ne8 17. Ne5 Qxd4 18. Bxd4 Nd6 19. Bd3 {An uneventful
encounter.  Weighted Error Value: White=0.09/Black=0.07} 1/2-1/2